Municipalities of Door County, Wisconsin - Statistics

General Stats
  • This quiz has been taken 78 times
    50 since last reset
  • The average score is 11 of 22
Answers on the Map
Answers color-coded by a green-red scale on the quiz's map according to % correct below.
 
Answer Stats
Answer % Correct
Village of Sister Bay
93%
City of Sturgeon Bay
90%
Town of Sturgeon Bay
90%
Town of Egg Harbor
83%
Village of Egg Harbor
83%
Town of Washington
66%
Village of Ephraim
62%
Census Designated Place of Baileys Harbor
59%
Town of Baileys Harbor
59%
Town of Jacksonport
59%
Census Designated Place of Ellison Bay
41%
Town of Brussels
38%
Town of Forestville
31%
Town of Sevastopol
31%
Village of Forestville
31%
Town of Liberty Grove
28%
Town of Gibraltar
24%
Town of Gardner
21%
Town of Nasewaupee
21%
Census Designated Place of Little Sturgeon
17%
Town of Clay Banks
17%
Town of Union
17%
No matching quizzes found
Score Distribution
Percent of People with Each Score
Percentile by Number Answered
Your Score History
You have not taken this quiz since the last reset